000 00750nam a2200265Ia 4500
001 6545
005 20240113233923.0
007 ta
008 050628s 196 a g b000 u eng u
040 _aCotton College,Assam
041 _aeng
082 _a511
_bT 226 An
110 _aTechnical Education & Management Inc. .
245 0 _aAnalog Computers: Mathematics & Circuttry /
_cTechnical Education & Management Inc..
_hTextual Documents
250 _a1st ed. /
260 _aBucks :
_bW. Foulsham & Co. Ltd ,
_cC 1962.
300 _a224p. :
_bill. ;
_c22cm .
504 _aIndex
653 _aMathematics
653 _aComputers-Analog
653 _aPG-Mathematics
942 _2ddc
_cBK
999 _c6532
_d6532